000 00886nam a22002297a 4500
005 20240530110545.0
008 160207s2013 ua g b 000 0 ara d
017 _a2011/21941
_bمصر . دار الكتب المصرية
020 _a9789773289096
040 _aEG-CaGPL
082 0 4 _221
_a379.158\
_bم أ
100 0 _aمجدى صلاح طه المهدى
245 1 0 _aاقتصاديات الجودة التعليمية /
_cمجدى صلاح طه المهدى
260 _aالقاهرة :
_bدار الجامعة الجديدة ،
_c2013 .
300 _a468 ص ؛
_c24 سم .
504 _aيشتمل على ارجاعات ببليوجرافية
650 0 4 _aالتعليم
_xالجوانب الاقتصادية
650 0 4 _aالتعليم
_xطرق القياس
650 0 4 _aجودة التعليم
942 _2ddc
_cBK
999 _c62340
_d62340